[Event "Madrid Chamartin op 1st"]
[Site "Madrid"]
[Date "2012.09.14"]
[Round "8"]
[White "Garcia Esteban, Juan Ignacio"]
[Black "De la Colina Fernandez, Gerardo"]
[Result "1/2-1/2"]
[WhiteElo "1940"]
[BlackElo "2016"]
[PlyCount "54"]
[EventDate "2012.09.09"]
[EventType "swiss"]
[EventRounds "9"]
[EventCountry "ESP"]
[SourceTitle "CBM 150 Extra"]
[Source "ChessBase"]
[SourceDate "2012.10.19"]
[SourceVersion "1"]
[SourceVersionDate "2012.10.19"]
[SourceQuality "1"]

1. e4 d6 2. d4 g6 3. Nf3 Bg7 4. c3 Nd7 5. Bc4 c5 6. Qb3 e6 7. 0-0 Qb6 8. Bf4 Qxb3 9. Bxb3 e5 10. dxe5 dxe5 11. Be3 Ngf6 12. Nbd2 0-0 13. h3 b6 14. Bg5 Bb7 15. Rfe1 h6 16. Bh4 g5 17. Bg3 Nh5 18. Ba4 Rfd8 19. Bxd7 Rxd7 20. Nc4 f6 21. a4 Rad8 22. Bh2 Bf8 23. g4 Ng7 24. Bg3 Ne6 25. Kg2 Rd3 26. Ng1 Ba6 27. Ne3 Rd2 1/2-1/2

[Event "Benidorm op U2300 10th"]
[Site "Benidorm"]
[Date "2011.12.10"]
[Round "10"]
[White "Garcia Esteban, Juan Ignacio"]
[Black "Alvarez Escudero, Manuel"]
[Result "1/2-1/2"]
[WhiteElo "1982"]
[BlackElo "1835"]
[PlyCount "21"]
[EventDate "2011.12.02"]
[EventType "swiss"]
[EventRounds "10"]
[EventCountry "ESP"]
[SourceTitle "CBM 145 Extra"]
[Source "ChessBase"]
[SourceDate "2012.01.03"]
[SourceVersion "1"]
[SourceVersionDate "2012.01.03"]
[SourceQuality "1"]

1. e4 e5 2. Nf3 Nc6 3. Bb5 d6 4. d4 exd4 5. Nxd4 Bd7 6. Bxc6 bxc6 7. 0-0 Nf6 8. Re1 Be7 9. c4 c5 10. Nf3 Ng4 11. h3 1/2-1/2

[Event "Madrid Oliver Gonzalez Memorial 2nd"]
[Site "Madrid"]
[Date "2011.10.13"]
[Round "6"]
[White "Spitzer Isbert, Ramon"]
[Black "Garcia Esteban, Juan Ignacio"]
[Result "0-1"]
[WhiteElo "2099"]
[BlackElo "1965"]
[PlyCount "136"]
[EventDate "2011.10.08"]
[EventType "swiss"]
[EventRounds "9"]
[EventCountry "ESP"]
[SourceTitle "CBM 144 Extra"]
[Source "ChessBase"]
[SourceDate "2011.10.28"]
[SourceVersion "1"]
[SourceVersionDate "2011.10.28"]
[SourceQuality "1"]

1. Nc3 Nf6 2. d4 d5 3. Bg5 Nbd7 4. f3 h6 5. Bh4 e6 6. e4 Be7 7. Bg3 Nh5 8. exd5 Nxg3 9. hxg3 Nf6 10. dxe6 Bxe6 11. Bd3 c6 12. Nge2 Qc7 13. Nf4 0-0-0 14. Nce2 Bd7 15. Bc4 Rhf8 16. Qd3 Qa5+ 17. Kf1 Nd5 18. Rh5 g5 19. Nxd5 cxd5 20. Bb3 Rh8 21. Nc3 Be6 22. Kf2 Bf6 23. Rah1 Bg7 24. Na4 b6 25. Nc3 Qb4 26. Rd1 Kb8 27. a3 Qe7 28. Rhh1 h5 29. Rhe1 Qb7 30. Na2 h4 31. gxh4 gxh4 32. Ba4 Qc7 33. Rg1 Qg3+ 34. Kf1 Bf8 35. Qe2 h3 36. Qe5+ Qxe5 37. dxe5 Bc5 38. Nb4 Bxg1 39. Kxg1 hxg2 40. Nc6+ Kc7 41. Nxd8 Rh1+ 42. Kxg2 Rxd1 43. Nxe6+ fxe6 44. Kg3 a6 45. Be8 Rb1 46. b4 Rc1 47. Ba4 Ra1 48. Bb3 Rxa3 49. Kg4 Kd8 50. f4 Ke7 51. f5 b5 52. f6+ Kf7 53. Kf4 Ra1 54. Ke3 Re1+ 55. Kd4 Re4+ 56. Kc5 Rxe5 57. Kb6 Kxf6 58. Kxa6 d4 59. Kb6 Ke7 60. Kc6 Rg5 61. Ba2 Kf6 62. Kd6 Rg2 63. Bb3 e5 64. Kc5 Rg3 65. Bd5 Rc3+ 66. Kxb5 Rxc2 67. Ka4 d3 68. Be4 Rc3 0-1

[Event "Madrid Oliver Gonzalez Memorial 2nd"]
[Site "Madrid"]
[Date "2011.10.09"]
[Round "2"]
[White "Garcia Esteban, Juan Ignacio"]
[Black "Luukkonen, Tommi"]
[Result "1-0"]
[WhiteElo "1965"]
[BlackElo "2256"]
[PlyCount "129"]
[EventDate "2011.10.08"]
[EventType "swiss"]
[EventRounds "9"]
[EventCountry "ESP"]
[SourceTitle "CBM 144 Extra"]
[Source "ChessBase"]
[SourceDate "2011.10.28"]
[SourceVersion "1"]
[SourceVersionDate "2011.10.28"]
[SourceQuality "1"]

1. e4 c5 2. Nf3 d6 3. c3 Nf6 4. d3 g6 5. Be2 Bg7 6. 0-0 0-0 7. h3 Nc6 8. Nbd2 Nh5 9. Nc4 b5 10. Na3 b4 11. cxb4 cxb4 12. Nc4 d5 13. exd5 Qxd5 14. Nh2 Nd4 15. Bxh5 gxh5 16. Ne3 Qb5 17. Nf3 Bb7 18. Nxd4 Bxd4 19. a4 Qg5 20. g3 Qg6 21. Kh2 Rad8 22. Ng2 Bxf2 23. Rxf2 Rxd3 24. Qe2 Qxg3+ 25. Kg1 Rfd8 26. Bf4 Qxh3 27. Re1 e6 28. Qe5 h6 29. Qc7 R3d7 30. Qe5 Rd1 31. Bxh6 f6 32. Qe2 Rxe1+ 33. Qxe1 Kh7 34. Bc1 Qg4 35. Bd2 Rg8 36. Qe3 Rg6 37. Qf4 Qxf4 38. Bxf4 e5 39. Bd2 Rg4 40. Kh2 Kg6 41. Ne3 Rh4+ 42. Kg3 Rd4 43. Kh2 Be4 44. Ng2 Bc6 45. Be3 Re4 46. Bxa7 Bxa4 47. Ne3 Bd7 48. Rd2 Bg4 49. Bc5 Kg5 50. Nd5 f5 51. Be7+ Kg6 52. Bxb4 f4 53. Bc5 Re1 54. Rf2 Kf5 55. b4 Rb1 56. Bd6 f3 57. Bc5 Rb3 58. Kg3 Kg5 59. Be7+ Kg6 60. Bc5 e4 61. Kf4 Rb1 62. Kxe4 h4 63. Kf4 Bh5 64. Rh2 Rb3 65. Ne3 1-0

[Event "Madrid-ch Seniors 0809"]
[Site "Madrid"]
[Date "2009.02.17"]
[Round "7"]
[White "Garcia Esteban, Juan Ignacio"]
[Black "Lastras Hernandez, Tomas"]
[Result "0-1"]
[WhiteElo "2072"]
[BlackElo "1936"]
[PlyCount "128"]
[EventDate "2009.02.09"]
[EventType "swiss"]
[EventRounds "9"]
[EventCountry "ESP"]
[SourceTitle "CBM 128 Extra"]
[Source "ChessBase"]
[SourceDate "2009.03.05"]
[SourceVersion "2"]
[SourceVersionDate "2009.03.25"]
[SourceQuality "1"]

1. e4 e5 2. Nf3 Nc6 3. Bb5 a6 4. Ba4 Nf6 5. 0-0 Be7 6. Re1 b5 7. Bb3 0-0 8. c3 d6 9. h3 Na5 10. Bc2 c5 11. d4 Qc7 12. d5 h6 13. Nbd2 c4 14. Nf1 Bd7 15. Ng3 Nb7 16. Be3 Nc5 17. Qd2 Kh7 18. Rad1 Rg8 19. Nxe5 dxe5 20. d6 Bxd6 21. Qxd6 Qxd6 22. Rxd6 Nb7 23. Rb6 Nd8 24. Rd1 Ne6 25. Nh5 Bc8 26. Nxf6+ gxf6 27. Kh2 Kg7 28. g3 Rd8 29. Rxd8 Nxd8 30. f4 exf4 31. Bxf4 Ne6 32. Be3 Ng5 33. g4 Nf3+ 34. Kg3 Ne5 35. Bd4 Be6 36. b4 Nd7 37. Rb7 a5 38. bxa5 Rxa5 39. Ra7 Rxa7 40. Bxa7 Ne5 41. Be3 Bd7 42. a3 Bc6 43. h4 Bd7 44. g5 fxg5 45. hxg5 hxg5 46. Bxg5 f6 47. Be3 Kg6 48. Kf4 Bh3 49. Bd4 Nd7 50. e5+ Kf7 51. exf6 Nxf6 52. Ke5 Ke7 53. Bc5+ Kf7 54. Kd6 Bf1 55. Bf5 Bd3 56. Be6+ Kg6 57. Bd4 Bc2 58. Kc5 Ba4 59. Bxf6 Kxf6 60. Bd7 b4 61. Bxa4 bxa3 62. Kxc4 a2 63. Kb4 a1Q 64. c4 Ke5 0-1

[Event "Madrid-ch sf-A"]
[Site "Madrid"]
[Date "2009.01.19"]
[Round "4"]
[White "Cortes Jurado, Rafael"]
[Black "Garcia Esteban, Juan Ignacio"]
[Result "1-0"]
[WhiteElo "2050"]
[BlackElo "2071"]
[PlyCount "75"]
[EventDate "2009.01.12"]
[EventType "swiss"]
[EventRounds "9"]
[EventCountry "ESP"]
[SourceTitle "CBM 128 Extra"]
[Source "ChessBase"]
[SourceDate "2009.03.05"]
[SourceVersion "2"]
[SourceVersionDate "2009.03.25"]
[SourceQuality "1"]

1. e4 c5 2. Nf3 Nc6 3. d4 cxd4 4. Nxd4 g6 5. Nc3 Bg7 6. Be3 d6 7. Bc4 Nf6 8. Bb3 0-0 9. Qd2 Ng4 10. Nxc6 bxc6 11. Bg5 Be6 12. 0-0 Ne5 13. Qe2 Qc7 14. f4 Ng4 15. Bxe6 Bd4+ 16. Kh1 Nf2+ 17. Rxf2 Bxf2 18. Bb3 Bd4 19. Qc4 Bxc3 20. Qxc3 e5 21. Qh3 h5 22. f5 Kg7 23. f6+ Kh7 24. Bd2 Rh8 25. Qg3 d5 26. Qg5 Kg8 27. exd5 Rh7 28. dxc6 Kh8 29. Bd5 h4 30. Bf3 Re8 31. Re1 Qd6 32. h3 Qc5 33. Bc3 Qf2 34. Rxe5 Rc8 35. Qe3 Qxe3 36. Rxe3 Rh6 37. Re7 Kg8 38. c7 1-0

[Event "Moratalaz op 20th"]
[Site "Madrid"]
[Date "2007.09.22"]
[Round "8"]
[White "Garcia Esteban, Juan Ignacio"]
[Black "Barez Menendez, Hector"]
[Result "1/2-1/2"]
[WhiteElo "2080"]
[BlackElo "2169"]
[PlyCount "65"]
[EventDate "2007.09.15"]
[EventType "swiss"]
[EventRounds "9"]
[EventCountry "ESP"]
[SourceTitle "EXT 2008"]
[Source "ChessBase"]
[SourceDate "2007.11.25"]
[SourceVersion "1"]
[SourceVersionDate "2007.11.25"]
[SourceQuality "1"]

1. e4 e5 2. Nf3 Nf6 3. Nxe5 d6 4. Nf3 Nxe4 5. Qe2 Qe7 6. d3 Nf6 7. Qxe7+ Bxe7 8. Be2 Nc6 9. 0-0 Bg4 10. Bg5 h6 11. Bd2 0-0-0 12. Nc3 d5 13. a3 Bf5 14. Nh4 Bh7 15. Nf3 d4 16. Na2 Nd5 17. Rfe1 g5 18. Bf1 Bd6 19. b4 g4 20. Nh4 Be7 21. b5 Nb8 22. g3 Bxh4 23. gxh4 Nd7 24. Nb4 N7f6 25. Bg2 Bf5 26. Re5 Be6 27. Rae1 Nxb4 28. Bxb4 Nd5 29. Bd2 h5 30. R5e4 Nf6 31. Re5 Nd7 32. R5e4 Nf8 33. Bg5 1/2-1/2

[Event "Moratalaz op 20th"]
[Site "Madrid"]
[Date "2007.09.18"]
[Round "4"]
[White "Garcia Esteban, Juan Ignacio"]
[Black "Soler Polo, Diego"]
[Result "1-0"]
[WhiteElo "2080"]
[BlackElo "1905"]
[PlyCount "77"]
[EventDate "2007.09.15"]
[EventType "swiss"]
[EventRounds "9"]
[EventCountry "ESP"]
[SourceTitle "EXT 2008"]
[Source "ChessBase"]
[SourceDate "2007.11.25"]
[SourceVersion "1"]
[SourceVersionDate "2007.11.25"]
[SourceQuality "1"]

1. e4 c5 2. Nf3 d6 3. d4 cxd4 4. Nxd4 Nf6 5. Nc3 a6 6. a4 e6 7. Bd3 Be7 8. 0-0 0-0 9. Be3 e5 10. Nf3 Nc6 11. Nd5 Nxd5 12. exd5 Nb4 13. Be2 Bf5 14. Ne1 Qc7 15. c3 Nxd5 16. Qxd5 Be6 17. Qd2 f5 18. Bg5 Bxg5 19. Qxg5 Rf6 20. Qd2 d5 21. Nf3 Rh6 22. Ng5 e4 23. g3 Qe7 24. Nxe6 Qxe6 25. Rfd1 Rd8 26. Bf1 Qg6 27. Bg2 Qh5 28. h3 Qf7 29. Qe3 Rf6 30. c4 f4 31. gxf4 Rxf4 32. Rxd5 Rf8 33. Rd2 Qf5 34. Re1 Qg6 35. Qg3 e3 36. Qxe3 Rxc4 37. Qe6+ Qxe6 38. Rxe6 Rxa4 39. Bxb7 1-0